Korupcia - negatívny fenomén vo verejnej správe i ekonomickom napredovaní krajín Európskej únie

Príčiny vzniku korupcie. Základný zdroj korupcie. Negatívne dôsledky korupcie. Spôsob získavania informácií o miere korupcie. Boj proti korupcii. Protikorupčná politika Európskej únie.

Enregistré dans:
Détails bibliographiques
Auteur principal: Fillová, Dagmar
Format: Chapitre de livre
Langue:slovaque
Sujets:
Tags: Ajouter un tag
Pas de tags, Soyez le premier à ajouter un tag!

MARC

LEADER 00000naa$a2200000$$$4500
001 0059655
005 20230918071327.9
041 0 |a slo 
044 |a SK 
245 1 0 |a Korupcia - negatívny fenomén vo verejnej správe i ekonomickom napredovaní krajín Európskej únie  |c Dagmar Fillová 
520 |a Príčiny vzniku korupcie. Základný zdroj korupcie. Negatívne dôsledky korupcie. Spôsob získavania informácií o miere korupcie. Boj proti korupcii. Protikorupčná politika Európskej únie. 
610 2 0 |a korupcia 
610 2 0 |a správa verejná 
610 2 0 |a opatrenia 
610 2 0 |a Európska únia 
100 1 |a Fillová, Dagmar